00317nam a2200121Ia 4500100001500000650002700015654001900042245006400061260003500125082001500160300000800175546001200183 aStarr/A.T  aElectrical Engineering aElectric Power aGeneration Transmission And Utilization Of Electrical Power bSir Isaac PitmanaLondonc1937 a621.3bSta a503 aENGLISH